000 00285nam a22001337a 4500
008 180608b xxu||||| |||| 00| 0 eng d
020 _a9789928185174
041 _aeng
080 _a070
100 _a40
101 _aMK
245 _aMbi televizionin
_cBourdieu,P
942 _2udc
_cBK
999 _c46616
_d46616